| 000 | 01226cam a22003734a 4500 | ||
|---|---|---|---|
| 999 |
_c28207 _d28178 |
||
| 001 | 13274717 | ||
| 003 | EG-ScBUE | ||
| 005 | 20200304092223.0 | ||
| 008 | 030714t2005 maua f b 001 0 eng d | ||
| 020 | _a061835459X (hbk.) | ||
| 020 | _a9780618354597 | ||
| 035 | _a(DLC) 2003109909 | ||
| 040 |
_aDLC _beng _erda _cDLC _dDLC _dEG-ScBUE |
||
| 082 | 0 | 4 |
_a658 _bGRI _222 |
| 100 | 1 |
_aGriffin, Ricky W., _eauthor. |
|
| 245 | 1 | 0 |
_aManagement / _cRicky W. Griffin, Texas A & M University. |
| 250 | _aEighth edition. | ||
| 264 | 1 |
_aBoston : _bHoughton Mifflin Company, _c[2005] |
|
| 264 | 4 | _cc2005 | |
| 300 |
_axxxii, 808 pages : _billustrations ; _c26 cm |
||
| 336 |
_2rdacontent _atext _btxt |
||
| 337 |
_2rdamedia _aunmediated _bn |
||
| 338 |
_2rdacarrier _avolume _bnc |
||
| 500 | _aIncludes appendix. | ||
| 504 | _aIncludes bibliographical references and index. | ||
| 650 | 7 |
_aManagement. _2BUEsh |
|
| 653 |
_bBUSADM _cMarch2020 |
||
| 655 |
_vReading book _934232 |
||
| 856 | 4 | 1 |
_3Table of contents _uhttp://www.loc.gov/catdir/toc/fy051/2003109909.html |
| 906 |
_a7 _bcbc _corignew _d2 _eepcn _f20 _gy-gencatlg |
||
| 942 |
_2ddc _cBB |
||